| Tag |
First Indicator |
Second Indicator |
Subfields |
| LEADER |
00000cam a22000001i 4500 |
| 001 |
in00004406092 |
| 006 |
m |o d | |
| 007 |
cr |n||||||||| |
| 008 |
210713t20212021nyu eo 000 1 eng d |
| 005 |
20250816210953.0 |
| 020 |
|
|
|a 9781984806765 (electronic bk.)
|
| 020 |
|
|
|a 1984806769 (electronic bk.)
|
| 020 |
|
|
|z 9781984806758
|
| 020 |
|
|
|z 1984806750
|
| 024 |
8 |
|
|a 99987897228
|
| 035 |
|
|
|a (NhCcYBP)ebc6565082
|
| 040 |
|
|
|a NhCcYBP
|c NhCcYBP
|d UtOrBLW
|
| 050 |
|
4 |
|a PS3608.E5715
|b P46 2021
|
| 082 |
0 |
4 |
|a 813/.6
|2 23
|
| 100 |
1 |
|
|a Henry, Emily,
|e author.
|0 http://id.loc.gov/authorities/names/no2016012758
|
| 245 |
1 |
0 |
|a People we meet on vacation /
|c Emily Henry.
|
| 250 |
|
|
|a First edition.
|
| 264 |
|
1 |
|a New York :
|b Jove,
|c 2021.
|
| 264 |
|
4 |
|c ©2021
|
| 300 |
|
|
|a 1 online resource.
|
| 336 |
|
|
|a text
|b txt
|2 rdacontent
|
| 337 |
|
|
|a computer
|b c
|2 rdamedia
|
| 338 |
|
|
|a online resource
|b cr
|2 rdacarrier
|
| 500 |
|
|
|a "A Jove Book"--Title page verso.
|
| 500 |
|
|
|a Includes reader's guide.
|
| 588 |
|
|
|a Description based on print version record.
|
| 500 |
|
|
|a Electronic resource.
|
| 650 |
|
0 |
|a Travel writers
|v Fiction.
|
| 650 |
|
0 |
|a Man-woman relationships
|v Fiction.
|0 http://id.loc.gov/authorities/subjects/sh2008107175
|
| 650 |
|
0 |
|a Best friends
|v Fiction.
|0 http://id.loc.gov/authorities/subjects/sh2008117475
|
| 650 |
|
0 |
|a Vacations
|v Fiction.
|0 http://id.loc.gov/authorities/subjects/sh2008113250
|
| 650 |
|
0 |
|a Reconciliation
|v Fiction.
|
| 650 |
|
0 |
|a Self-realization
|v Fiction.
|0 http://id.loc.gov/authorities/subjects/sh2008111271
|
| 655 |
|
7 |
|a Electronic books.
|2 local
|
| 710 |
2 |
|
|a ProQuest (Firm)
|0 http://id.loc.gov/authorities/names/n2007068018
|
| 776 |
1 |
8 |
|i Online version:
|a Henry, Emily,
|t People we meet on vacation
|d New York : Jove, 2021.
|z 9781984806765
|w (DLC) 2020036306
|
| 776 |
1 |
8 |
|c Original
|z 9781984806758
|z 1984806750
|w (DLC) 2020036305
|
| 856 |
4 |
0 |
|u https://ebookcentral.proquest.com/lib/tamucs/detail.action?docID=6565082
|z Connect to the full text of this electronic book
|t 0
|
| 945 |
|
|
|b 946968
|
| 955 |
|
|
|a YBP purchased firm e-records
|
| 980 |
|
|
|b 76.00
|g 1
|
| 987 |
|
|
|a ybp302085769
|
| 999 |
f |
f |
|s 00b9f1a4-8c44-3ba3-9693-0bedeb3074e4
|i eaf646e6-ae86-3b28-9503-01513310a75a
|t 0
|
| 952 |
f |
f |
|a Texas A&M University
|b College Station
|c Electronic Resources
|d Available Online
|t 0
|e PS3608.E5715 P46 2021
|h Library of Congress classification
|
| 998 |
f |
f |
|a PS3608.E5715 P46 2021
|t 0
|l Available Online
|